<?xml version="1.0" encoding="UTF-8"?>
<record
    xmlns:xsi="http://www.w3.org/2001/XMLSchema-instance"
    xsi:schemaLocation="http://www.loc.gov/MARC21/slim http://www.loc.gov/standards/marcxml/schema/MARC21slim.xsd"
    xmlns="http://www.loc.gov/MARC21/slim">

  <leader>00491nam a22001817a 4500</leader>
  <controlfield tag="003">OSt</controlfield>
  <controlfield tag="008">250808b        |||||||| |||| 00| 0 eng d</controlfield>
  <datafield tag="020" ind1=" " ind2=" ">
    <subfield code="a">9789383305513</subfield>
  </datafield>
  <datafield tag="082" ind1=" " ind2=" ">
    <subfield code="a">634.042</subfield>
    <subfield code="b">D58F</subfield>
  </datafield>
  <datafield tag="245" ind1=" " ind2=" ">
    <subfield code="a">Fruit Breeding / </subfield>
    <subfield code="c">edited by M. R. Dinesh</subfield>
  </datafield>
  <datafield tag="260" ind1=" " ind2=" ">
    <subfield code="a">.- New Delhi</subfield>
    <subfield code="b">: NIPA</subfield>
    <subfield code="c">, 2015</subfield>
  </datafield>
  <datafield tag="300" ind1=" " ind2=" ">
    <subfield code="a">xiv,364p</subfield>
  </datafield>
  <datafield tag="650" ind1=" " ind2=" ">
    <subfield code="a">Technology (Applied Sciences)</subfield>
  </datafield>
  <datafield tag="650" ind1=" " ind2=" ">
    <subfield code="a">Agriculture and Related Technologies</subfield>
  </datafield>
  <datafield tag="650" ind1=" " ind2=" ">
    <subfield code="a">Fruits</subfield>
  </datafield>
  <datafield tag="700" ind1=" " ind2=" ">
    <subfield code="a">Dinesh, M. R.</subfield>
  </datafield>
  <datafield tag="942" ind1=" " ind2=" ">
    <subfield code="2">ddc</subfield>
    <subfield code="c">BK</subfield>
    <subfield code="0">3</subfield>
  </datafield>
  <datafield tag="999" ind1=" " ind2=" ">
    <subfield code="c">48678</subfield>
    <subfield code="d">48678</subfield>
  </datafield>
  <datafield tag="952" ind1=" " ind2=" ">
    <subfield code="0">0</subfield>
    <subfield code="1">0</subfield>
    <subfield code="2">ddc</subfield>
    <subfield code="4">0</subfield>
    <subfield code="7">0</subfield>
    <subfield code="a">RAU</subfield>
    <subfield code="b">RAU</subfield>
    <subfield code="d">2025-08-08</subfield>
    <subfield code="e">IBPS, Delhi</subfield>
    <subfield code="l">0</subfield>
    <subfield code="o">634.042 D58F</subfield>
    <subfield code="p">84333</subfield>
    <subfield code="r">2025-08-08</subfield>
    <subfield code="w">0000-00-00</subfield>
    <subfield code="y">BK</subfield>
    <subfield code="k">IBPS/004/2024-25</subfield>
  </datafield>
  <datafield tag="952" ind1=" " ind2=" ">
    <subfield code="0">0</subfield>
    <subfield code="1">0</subfield>
    <subfield code="2">ddc</subfield>
    <subfield code="4">0</subfield>
    <subfield code="7">0</subfield>
    <subfield code="a">RAU</subfield>
    <subfield code="b">RAU</subfield>
    <subfield code="d">2025-08-08</subfield>
    <subfield code="e">IBPS, Delhi</subfield>
    <subfield code="l">0</subfield>
    <subfield code="o">634.042 D58F</subfield>
    <subfield code="p">84334</subfield>
    <subfield code="r">2025-08-08</subfield>
    <subfield code="w">0000-00-00</subfield>
    <subfield code="y">BK</subfield>
    <subfield code="k">IBPS/004/2024-25</subfield>
  </datafield>
  <datafield tag="952" ind1=" " ind2=" ">
    <subfield code="0">0</subfield>
    <subfield code="1">0</subfield>
    <subfield code="2">ddc</subfield>
    <subfield code="4">0</subfield>
    <subfield code="7">0</subfield>
    <subfield code="a">RAU</subfield>
    <subfield code="b">RAU</subfield>
    <subfield code="d">2025-08-08</subfield>
    <subfield code="e">IBPS, Delhi</subfield>
    <subfield code="l">1</subfield>
    <subfield code="o">634.042 D58F</subfield>
    <subfield code="p">84335</subfield>
    <subfield code="r">2026-02-28</subfield>
    <subfield code="s">2026-02-21</subfield>
    <subfield code="w">0000-00-00</subfield>
    <subfield code="y">BK</subfield>
    <subfield code="k">IBPS/004/2024-25</subfield>
  </datafield>
  <datafield tag="952" ind1=" " ind2=" ">
    <subfield code="0">0</subfield>
    <subfield code="1">0</subfield>
    <subfield code="2">ddc</subfield>
    <subfield code="4">0</subfield>
    <subfield code="7">0</subfield>
    <subfield code="a">RAU</subfield>
    <subfield code="b">RAU</subfield>
    <subfield code="d">2025-08-08</subfield>
    <subfield code="e">IBPS, Delhi</subfield>
    <subfield code="l">0</subfield>
    <subfield code="o">634.042 D58F</subfield>
    <subfield code="p">84336</subfield>
    <subfield code="r">2025-08-08</subfield>
    <subfield code="w">0000-00-00</subfield>
    <subfield code="y">BK</subfield>
    <subfield code="k">IBPS/004/2024-25</subfield>
  </datafield>
  <datafield tag="952" ind1=" " ind2=" ">
    <subfield code="0">0</subfield>
    <subfield code="1">0</subfield>
    <subfield code="2">ddc</subfield>
    <subfield code="4">0</subfield>
    <subfield code="7">0</subfield>
    <subfield code="a">RAU</subfield>
    <subfield code="b">RAU</subfield>
    <subfield code="d">2025-08-13</subfield>
    <subfield code="e">IBPS, Delhi</subfield>
    <subfield code="g">6995.00</subfield>
    <subfield code="l">0</subfield>
    <subfield code="o">634.042 D58F</subfield>
    <subfield code="p">84664</subfield>
    <subfield code="r">2025-08-13</subfield>
    <subfield code="w">2025-07-15</subfield>
    <subfield code="y">BK</subfield>
    <subfield code="k">IBPS/005/2024-25</subfield>
  </datafield>
  <datafield tag="952" ind1=" " ind2=" ">
    <subfield code="0">0</subfield>
    <subfield code="1">0</subfield>
    <subfield code="2">ddc</subfield>
    <subfield code="4">0</subfield>
    <subfield code="7">0</subfield>
    <subfield code="a">RAU</subfield>
    <subfield code="b">RAU</subfield>
    <subfield code="d">2025-08-13</subfield>
    <subfield code="e">IBPS, Delhi</subfield>
    <subfield code="g">6995.00</subfield>
    <subfield code="l">2</subfield>
    <subfield code="o">634.042 D58F</subfield>
    <subfield code="p">84665</subfield>
    <subfield code="r">2026-04-06</subfield>
    <subfield code="s">2026-03-23</subfield>
    <subfield code="w">2025-07-15</subfield>
    <subfield code="y">BK</subfield>
    <subfield code="k">IBPS/005/2024-25</subfield>
  </datafield>
  <datafield tag="952" ind1=" " ind2=" ">
    <subfield code="0">0</subfield>
    <subfield code="1">0</subfield>
    <subfield code="2">ddc</subfield>
    <subfield code="4">0</subfield>
    <subfield code="7">0</subfield>
    <subfield code="a">RAU</subfield>
    <subfield code="b">RAU</subfield>
    <subfield code="d">2025-08-13</subfield>
    <subfield code="e">IBPS, Delhi</subfield>
    <subfield code="g">6995.00</subfield>
    <subfield code="l">0</subfield>
    <subfield code="o">634.042 D58F</subfield>
    <subfield code="p">84666</subfield>
    <subfield code="r">2025-08-13</subfield>
    <subfield code="w">2025-07-15</subfield>
    <subfield code="y">BK</subfield>
    <subfield code="k">IBPS/005/2024-25</subfield>
  </datafield>
  <datafield tag="952" ind1=" " ind2=" ">
    <subfield code="0">0</subfield>
    <subfield code="1">0</subfield>
    <subfield code="2">ddc</subfield>
    <subfield code="4">0</subfield>
    <subfield code="7">0</subfield>
    <subfield code="a">RAU</subfield>
    <subfield code="b">RAU</subfield>
    <subfield code="d">2025-08-13</subfield>
    <subfield code="e">IBPS, Delhi</subfield>
    <subfield code="g">6995.00</subfield>
    <subfield code="l">0</subfield>
    <subfield code="o">634.042 D58F</subfield>
    <subfield code="p">84667</subfield>
    <subfield code="r">2025-08-13</subfield>
    <subfield code="w">2025-07-15</subfield>
    <subfield code="y">BK</subfield>
    <subfield code="k">IBPS/005/2024-25</subfield>
  </datafield>
  <datafield tag="952" ind1=" " ind2=" ">
    <subfield code="0">0</subfield>
    <subfield code="1">0</subfield>
    <subfield code="2">ddc</subfield>
    <subfield code="4">0</subfield>
    <subfield code="7">0</subfield>
    <subfield code="a">RAU</subfield>
    <subfield code="b">RAU</subfield>
    <subfield code="d">2025-08-13</subfield>
    <subfield code="e">IBPS, Delhi</subfield>
    <subfield code="g">6995.00</subfield>
    <subfield code="l">0</subfield>
    <subfield code="o">634.042 D58F</subfield>
    <subfield code="p">84668</subfield>
    <subfield code="r">2025-08-13</subfield>
    <subfield code="w">2025-07-15</subfield>
    <subfield code="y">BK</subfield>
    <subfield code="k">IBPS/005/2024-25</subfield>
  </datafield>
  <datafield tag="952" ind1=" " ind2=" ">
    <subfield code="0">0</subfield>
    <subfield code="1">0</subfield>
    <subfield code="2">ddc</subfield>
    <subfield code="4">0</subfield>
    <subfield code="7">0</subfield>
    <subfield code="a">RAU</subfield>
    <subfield code="b">PDDUCH&amp;F</subfield>
    <subfield code="d">2025-11-14</subfield>
    <subfield code="e">Faith Pub., New Delhi</subfield>
    <subfield code="g">6995.00</subfield>
    <subfield code="o">634.042 D58F</subfield>
    <subfield code="p">86518</subfield>
    <subfield code="r">2025-11-14</subfield>
    <subfield code="w">2025-10-20</subfield>
    <subfield code="y">BK</subfield>
    <subfield code="k">FE/02/2025-26</subfield>
  </datafield>
  <datafield tag="952" ind1=" " ind2=" ">
    <subfield code="0">0</subfield>
    <subfield code="1">0</subfield>
    <subfield code="2">ddc</subfield>
    <subfield code="4">0</subfield>
    <subfield code="7">0</subfield>
    <subfield code="a">RAU</subfield>
    <subfield code="b">PDDUCH&amp;F</subfield>
    <subfield code="d">2025-11-14</subfield>
    <subfield code="e">Faith Pub., New Delhi</subfield>
    <subfield code="g">6995.00</subfield>
    <subfield code="o">634.042 D58F</subfield>
    <subfield code="p">86519</subfield>
    <subfield code="r">2025-11-14</subfield>
    <subfield code="w">2025-10-20</subfield>
    <subfield code="y">BK</subfield>
    <subfield code="k">FE/02/2025-26</subfield>
  </datafield>
</record>
